Bibliographie des mesures d'ages absolus en Antarctique /

Bibliographic Details
Main Author: Picciotto, E.
Other Authors: Coppez, A.
Format: Book
Language:French
Published: [Bruxelles], [publisher not identified] ; [1963?]
Subjects:

MARC

Tag First Indicator Second Indicator Subfields
LEADER 00000cam a2200000 4500
001 in00000023409
005 20151007064424.0
008 800523s1963 be b 00010 fre d
035 |a (OCoLC)06352666 
035 |9 AAD9790AM 
040 |a TXA  |c TXA  |d UtOrBLW 
049 |a TXAM  |c [467477] 
090 |a QE508  |b .P53 1963 
092 |a 551.701  |b P589b, 1963 
100 1 |a Picciotto, E. 
245 1 0 |a Bibliographie des mesures d'ages absolus en Antarctique /  |c par E. Picciotto et A. Coppez. 
264 1 |a [Bruxelles],  |b [publisher not identified] ;  |c [1963?] 
300 |a 33 pages :  |b folded map. ;  |c 25 cm. 
336 |a text  |b txt  |2 rdacontent 
337 |a unmediated  |b n  |2 rdamedia 
338 |a volume  |b nc  |2 rdacarrier 
500 |a Cover title. 
500 |a At head of title: Universite libre de Bruxelles, Service de geologie et geochimie nucleaires. 
650 0 |a Geological time. 
650 0 |a Geology  |z Antarctica. 
700 1 |a Coppez, A. 
999 |a MARS 
999 f f |s b1fea953-6b5d-3c54-8730-dc6da8b563b4  |i 9a9eae72-3f65-3dd3-bdf3-2d8da29d39f6  |t 0 
952 f f |p ric  |a Texas A&M University  |b Rellis Campus  |c Joint Library Facility  |d Remote Storage  |t 0  |e QE508 .P53 1963  |h Library of Congress classification  |i unmediated -- volume  |m A14800956274 
998 f f |a QE508 .P53 1963  |t 0  |l Remote Storage